Irsko po referendu o Lisabonské smlouvě

V referende, ktoré sa konalo 12.6.2008 írski občania odmietli Lisabonskú zmluvu. Varianty ďalšieho postupu.

Saved in:
Bibliographic Details
Main Author: Chmel, Marek
Other Authors: Kust, Jan
Format: Book Chapter
Language:Czech
Subjects:
Tags: Add Tag
No Tags, Be the first to tag this record!

MARC

LEADER 00000naa$a2200000$$$4500
001 0082726
005 20231016093332.6
041 0 |a cze 
044 |a CZ 
245 1 0 |a Irsko po referendu o Lisabonské smlouvě  |c Marek Chmel, Jan Kust 
520 |a V referende, ktoré sa konalo 12.6.2008 írski občania odmietli Lisabonskú zmluvu. Varianty ďalšieho postupu. 
610 2 0 |a Európska únia 
610 2 0 |a Írsko 
610 2 0 |a ústava 
610 2 0 |a politika medzinárodná 
100 1 |a Chmel, Marek 
700 1 |a Kust, Jan